header

Joyce, Derrida, Lacan, and the trauma of history (Record no. 24510)

MARC details
000 -LEADER
fixed length control field 01824nam a2200409 a 4500
082 04 - DEWEY DECIMAL CLASSIFICATION NUMBER
Classification number 823/.912
100 1# - MAIN ENTRY--AUTHOR NAME
Personal name Boheemen, Christine van.
245 10 - TITLE STATEMENT
Title Joyce, Derrida, Lacan, and the trauma of history
260 ## - PUBLICATION, DISTRIBUTION, ETC. (IMPRINT)
Place of publication Cambridge ;
-- New York :
Name of publisher Cambridge University Press,
Year of publication 1999.
300 ## - PHYSICAL DESCRIPTION
Number of Pages x, 226 p.
650 #0 - SUBJECT ADDED ENTRY--TOPICAL TERM
Topical Term Psychoanalysis and literature
Topical Term Psychological fiction, English
Topical Term Literature and history
Topical Term Postmodernism (Literature)
Topical Term Psychic trauma in literature.
Topical Term Decolonization in literature.
Topical Term Colonies in literature.
856 40 - ELECTRONIC LOCATION AND ACCESS
Uniform Resource Identifier http://site.ebrary.com/lib/rucke/Doc?id=10022048

No items available.

© 2026 Rongo University
Contact us: librarian | system librarian | Rongo university